Szybkie stukanie od A do Z wstecz - Statystyki

Ogólne statystyki
  • Ten quiz został rozwiązany 195 razy
  • Średni wynik to 4 z 26
Statystyki odpowiedzi
List % Poprawnych
Z
97%
Y
65%
X
50%
W
37%
V
22%
A
16%
U
15%
B
11%
C
11%
T
11%
S
9%
D
8%
E
7%
R
7%
P
6%
F
5%
G
5%
H
5%
I
5%
J
5%
K
5%
Q
5%
L
4%
M
4%
N
4%
O
4%
Nie znaleziono quizów pasujących do podanych kryteriów
Rozkład punktacji
Procent ludzi z każdym wynikiem
Percentyl według liczby udzielonych odpowiedzi
Twoja historia wyników
Nie rozwiązałeś tego quizu